| 000 | 00653nam a2200205 i 4500 | ||
|---|---|---|---|
| 001 | 187499 | ||
| 003 | ES-MaACL | ||
| 005 | 20240515063136.0 | ||
| 008 | 170912s1977 sp |||| | spa d | ||
| 020 | _a84-7232-134-7 | ||
| 080 | _a821.134.2-14"19" | ||
| 100 | 1 |
_aToledano, Francisco, _d1932- _9110441 |
|
| 245 | 1 | 0 |
_aTrilogía interrogante / _cFrancisco Toledano. |
| 260 |
_aMadrid : _bCultura Hispánica, _c1977. |
||
| 300 |
_a103 p. ; _c20 cm. |
||
| 490 | 1 |
_aColección poética "Leopoldo Panero" ; _v30 |
|
| 830 | 1 |
_aColección poética "Leopoldo Panero" ; _v30 _9182594 |
|
| 852 |
_aES-MaACL _jP-2 Nº 30 |
||
| 999 |
_c187499 _d187499 |
||